| 000 | 00000nam##2200000za#4500 |
| 001 | 9.601125 |
| 003 | CaOODSP |
| 005 | 20221028125831 |
| 007 | cr ||||||||||| |
| 008 | 150406|2004||||xxc|||||o f|0| 0 fre|d |
| 040 | |aCaOODSP|bfre |
| 043 | |an-cn--- |
| 086 | 1 |aYC27-0/373-4F-PDF |
| 110 | 1 |aCanada. |bParlement. |bSénat. |bComité sénatorial permanent de l'agriculture et des forêts. |
| 245 | 13|aLa crise de l'ESB : |h[ressource électronique]|bleçons pour l'avenir / |cL'honorable Donald H. Oliver, c.r., président; L'honorable Joyce Fairbairn, c.p., vice-présidente. |
| 246 | 3 |arapport intérimaire |
| 260 | |aOttawa - Ontario : |bSénat. |cAvril 2004. |
| 300 | |a27p.|bgraphique, références, tableau |
| 490 | 1 |aRapport du Comité sénatorial permanent de l'agriculture et des forêts|v[37e législature, 3e session, 4e rapport] |
| 590 | |a11-12-Supp|b2011-07-29 |
| 775 | 08|tThe BSE crisis : |w(CaOODSP)9.570447 |
| 830 | #0|aRapport du Comité sénatorial permanent de l'agriculture et des forêts ;|v[37e législature, 3e session, 4e rapport]|w(CaOODSP)9.502039 |
| 856 | 40|ahttp://publications.gc.ca|qPDF|s304 Ko|uhttps://publications.gc.ca/collections/collection_2011/sen/yc27-0/YC27-0-373-4-fra.pdf|y[37e législature, 3e session, 4e rapport] |